| 000 | 00558cam a22001337a 4500 | ||
|---|---|---|---|
| 008 | 180718b2009 xxu||||| |||| 00| 0 eng d | ||
| 082 | _aA99/D26 P196 | ||
| 245 |
_aThe collected works of A.K. Dasgupta _cedited by Alaknanda Patel |
||
| 260 |
_aNew Delhi _bOxford University Press _c2009 |
||
| 300 | _a3 vols. | ||
| 500 | _aContents: vol.1. Two treatises on classical political economy,377p.; vol.2. Essays in economic theory, 455p.; vol.3. Essays in planning and public policy, 589p. | ||
| 650 | _aDasgupta, Amiya Kumar, 1903-1992 | ||
| 700 | _aPatel, Alaknanda | ||
| 999 |
_c413769 _d413769 |
||